000 01374cam a2200313 a 4500
001 15438494
005 20170105102921.0
008 080904s2009 enka b 001 0 eng
010 _a 2008038898
020 _a9780826499172 (HB)
020 _a0826499171 (HB)
020 _a9780826499189 (pbk.)
020 _a082649918X (pbk.)
035 _a(OCoLC)ocn248538144
040 _aDLC
_cDLC
_dBTCTA
_dYDXCP
_dC#P
_dBWX
_dCDX
_dBWK
_dDLC
050 0 0 _aBD418.3
_b.J34 2009
082 0 0 _a128/.2
_222
100 1 _aJacquette, Dale.
245 1 0 _aPhilosophy of mind :
_bthe metaphysics of consciousness /
_cDale Jacquette.
260 _aLondon ;
_aNew York :
_bContinuum,
_cc2009.
300 _axiii, 307 p. :
_bill. ;
_c24 cm.
500 _aRev. and expanded ed. of: Philosophy of mind / Dale Jacquette. Englewood Cliffs, NJ : Prentice Hall, c1994.
504 _aIncludes bibliographical references (p. [286]-296) and index.
650 0 _aPhilosophy of mind.
856 4 1 _3Table of contents only
_uhttp://www.loc.gov/catdir/toc/ecip0827/2008038898.html
906 _a7
_bcbc
_corignew
_d1
_eecip
_f20
_gy-gencatlg
942 _2ddc
_cBK
999 _c15574
_d15574